| 000 | 01180nam a2200337 a 4500 | ||
|---|---|---|---|
| 999 |
_c19758 _d19758 |
||
| 001 | 649457 | ||
| 003 | BDDh-ASL | ||
| 005 | 20231015025813.0 | ||
| 008 | 940128s1993 ii a b 001 0 eng | ||
| 010 | _a 93907868 | ||
| 020 |
_a8185381321 : _cRs300.00 |
||
| 025 | _aI-E-72451 | ||
| 040 |
_aDLC _cDLC _dBDDh-ASL |
||
| 042 | _alcode | ||
| 043 | _aa-ii--- | ||
| 050 | 0 | 0 |
_aBL1237.58.D48 _bS23 1993 |
| 082 | 0 | 0 |
_a294.565 _220 _bSAD |
| 100 | 1 |
_aSadasivan, K., _d1947- |
|
| 245 | 1 | 0 |
_aDevadasi system in medieval Tamil Nadu / _cK. Sadasivan. |
| 260 |
_aTrivandrum : _bCBH Publications, _cc1993. |
||
| 300 |
_a7, 232 p. : _bill. ; _c23 cm. |
||
| 500 | _aAppendices in English and Tamil (Tamil in roman). | ||
| 500 | _aOriginally presented as the author's thesis (Ph. D.--Madurai Kamaraj University, 1988). | ||
| 504 | _aIncludes bibliographical references (p. [181]-194) and index. | ||
| 520 | _aStudy covers the period 300 B.C.-1800 A.D. | ||
| 650 | 0 |
_aDevadāsīs _zIndia _zTamil Nadu. |
|
| 651 | 0 |
_aTamil Nadu (India) _xReligious life and customs. |
|
| 906 |
_a7 _bcbc _corigode _d2 _encip _f19 _gy-gencatlg |
||
| 942 |
_2ddc _cBK |
||